书目信息 |
| 题名: |
2009中国散文排行榜
|
|
| 作者: | 周明 , 王宗仁 主编 ;中国散文学会 评选 | |
| 分册: | ||
| 出版信息: | 北京 北京工业大学出版社 2010.01 |
|
| 页数: | 379页 | |
| 开本: | 25cm | |
| 丛书名: | ||
| 单 册: | ||
| 中图分类: | I267 | |
| 科图分类: | ||
| 主题词: | 散文--中国--2009--选集 , 散文 | |
| 电子资源: | ||
| ISBN: | 978-7-5639-2237-6 | |
| 000 | 00965nam0 2200277 450 | |
| 001 | 1262973058 | |
| 005 | 20120107173006.14 | |
| 010 | @a978-7-5639-2237-6@dCNY38.00 | |
| 090 | @aI267@bzm | |
| 096 | @aI267@bzm | |
| 100 | @a20100211d2010 em y0chiy50 ea | |
| 101 | 0 | @achi |
| 102 | @aCN@b110000 | |
| 105 | @ay z 000cy | |
| 200 | 1 | @a2009中国散文排行榜@92009 zhong guo san wen pai hang bang@b专著@f周明,王宗仁主编@g中国散文学会评选 |
| 210 | @a北京@c北京工业大学出版社@d2010.01 | |
| 215 | @a379页@d25cm | |
| 330 | @a本书收录了《大地的语言》、《从棣花到西安》、《从前的树》、《陪母亲逛街》、《谁在唱》、《手艺人家》、《乌鸦》、《杏树下的狗》等散文作品。 | |
| 606 | 0 | @a散文@y中国@z2009@j选集 |
| 606 | 0 | @a散文 |
| 690 | @aI267@v4 | |
| 701 | 0 | @a周明@c(散文)@9zhou ming@4主编 |
| 701 | 0 | @a王宗仁@f(1939~)@9wang zong ren@4主编 |
| 712 | 02 | @a中国散文学会@9zhong guo san wen xue hui@4评选 |
| 801 | 0 | @aCN@b110120@c20100210 |
| 905 | @aZUCC@dI267@eZ7824 | |
| 2009中国散文排行榜/周明,王宗仁主编/中国散文学会评选.-北京:北京工业大学出版社,2010.01 |
| 379页;25cm |
| ISBN 978-7-5639-2237-6:CNY38.00 |
| 本书收录了《大地的语言》、《从棣花到西安》、《从前的树》、《陪母亲逛街》、《谁在唱》、《手艺人家》、《乌鸦》、《杏树下的狗》等散文作品。 |
| ● |
| 相关链接 |
|
|
|
正题名:2009中国散文排行榜
索取号:I267/Z7824
 
预约/预借
| 序号 | 登录号 | 条形码 | 馆藏地/架位号 | 状态 | 备注 |
| 1 | 480747 | 204807478 | 社科二线422/422社科库 31排1列5层/ [索取号:I267/Z7824] | 在馆 | |
| 2 | 480748 | 204807487 | 文学库116/116文学库 9排1列1层/ [索取号:I267/Z7824] | 在馆 | |
| 3 | 480749 | 204807496 | 社科二线422/422社科库 37排2列3层/ [索取号:I267/Z7824] | 在馆 |